Statistics for Famous Actors of the 20th century by picture

Click here to take the quiz!

General Stats

  • This quiz has been taken 96 times
  • The average score is 7 of 16

Answer Stats

Answer% Correct
marylin monroe
87%
james dean
84%
jack nicholson
75%
marlon brando
73%
liz taylor
69%
james stewart
60%
kirk douglas
51%
cary grant
49%
gregory peck
47%
doris day
40%
ingrid bergman
31%
henri fonda
27%
rita hayworth
20%
alfred hitchkock
7%
lauren becall
7%
barbara stanwick
4%

Score Distribution

Percentile by Number Answered

Percent of People with Each Score

Your Score History

You have not taken this quiz